[Event "Copenhagen Chess Challenge 2016"]
[Site "Ballerup"]
[Date "2016.04.22"]
[Round "4"]
[White "Hagen, Anders Gjerdrum"]
[Black "Andersen, Soren Mikkel"]
[Result "1/2-1/2"]
[WhiteElo "2262"]
[BlackElo "2114"]
[PlyCount "67"]
[EventDate "2016.04.20"]
[EventType "swiss"]
[EventRounds "9"]
[EventCountry "DEN"]

1. d4 d5 2. c4 c6 3. Nc3 Nf6 4. e3 e6 5. Nf3 Nbd7 6. Bd3 dxc4 7. Bxc4 b5 8. Bd3
a6 9. a4 b4 10. Ne4 Bb7 11. O-O c5 12. Nxf6+ Nxf6 13. Qe2 cxd4 14. exd4 Be7 15.
Be3 O-O 16. Ne5 Nd5 17. Qh5 g6 18. Qh3 Bf6 19. Bh6 Bg7 20. Rad1 Qe7 21. Rfe1
Rfd8 22. Re4 Qf8 23. Bc1 Ne7 24. Rf4 Nf5 25. g4 Rxd4 26. gxf5 Bxe5 27. fxg6
hxg6 28. Rxd4 Bxd4 29. Bxg6 Bxf2+ 30. Kf1 fxg6 31. Qxe6+ Kh8 32. Qe5+ Kg8 33.
Qe6+ Kh8 34. Qe5+ 1/2-1/2

[Event "Copenhagen Chess Challenge 2016"]
[Site "Ballerup"]
[Date "2016.04.22"]
[Round "4"]
[White "Thorsbro, Peter"]
[Black "Vasli, Aref"]
[Result "0-1"]
[WhiteElo "2250"]
[BlackElo "2164"]
[PlyCount "78"]
[EventDate "2016.04.20"]
[EventType "swiss"]
[EventRounds "9"]
[EventCountry "DEN"]

1. d4 Nf6 2. Nf3 e6 3. c4 c5 4. d5 exd5 5. cxd5 d6 6. Nc3 g6 7. e4 Bg7 8. Be2
O-O 9. O-O Re8 10. Nd2 Nbd7 11. f4 a6 12. a4 Qc7 13. Kh1 Rb8 14. Qe1 c4 15. Qf2
b5 16. axb5 axb5 17. Ra7 Qc5 18. Qxc5 Nxc5 19. Bf3 Nd3 20. e5 dxe5 21. fxe5
Rxe5 22. d6 Nxc1 23. Rxc1 Bh6 24. Ncb1 Bf5 25. Rf1 Bd3 26. Rd1 Rbe8 27. Ra8
Rxa8 28. Bxa8 Re6 29. Nf3 Rxd6 30. Ne5 Ra6 31. Bc6 Bxb1 32. Rxb1 Bf4 33. Bxb5
Rb6 34. Nd7 Nxd7 35. Bxd7 c3 36. Ba4 cxb2 37. g3 Bc1 38. Kg2 f5 39. Kf3 Kf7 0-1

[Event "Copenhagen Chess Challenge 2016"]
[Site "Ballerup"]
[Date "2016.04.22"]
[Round "4"]
[White "Kabadayi, Can"]
[Black "Hove, Esben Kjems"]
[Result "0-1"]
[WhiteElo "2174"]
[BlackElo "2232"]
[PlyCount "150"]
[EventDate "2016.04.20"]
[EventType "swiss"]
[EventRounds "9"]
[EventCountry "DEN"]

1. d4 d5 2. c4 c6 3. Nf3 Nf6 4. Qb3 Qb6 5. Nc3 dxc4 6. Qxc4 Bf5 7. g3 e6 8. Bg2
Qb4 9. Nd2 Nbd7 10. O-O Qxc4 11. Nxc4 Nb6 12. Ne5 Rd8 13. e4 Bg6 14. Be3 Be7
15. a4 Nbd7 16. f4 Bb4 17. f5 Bh5 18. fxe6 fxe6 19. Nc4 O-O 20. Bh3 Bg4 21.
Bxg4 Nxg4 22. Bg5 Rxf1+ 23. Rxf1 Rf8 24. Rxf8+ Kxf8 25. e5 Nh6 26. Na2 Nf7 27.
Be3 Be7 28. Na5 Nd8 29. Nc3 Nb6 30. Nb3 Nd5 31. Bd2 b6 32. Kf2 Kf7 33. Ne4 Kg6
34. Kf3 Nf7 35. a5 h5 36. axb6 axb6 37. h3 c5 38. dxc5 Nxe5+ 39. Ke2 Kf5 40.
Nd6+ Bxd6 41. cxd6 Ke4 42. Nc1 Nf6 43. Bc3 Kd5 44. Nd3 Ned7 45. Bb4 e5 46. Ke3
Ne4 47. g4 hxg4 48. hxg4 Nxd6 49. Bc3 Nc4+ 50. Kf2 Nf6 51. Nb4+ Ke4 52. Kg3 Ke3
53. Nc2+ Ke2 54. Kh4 Ne4 55. Bb4 Nxb2 56. Kh5 Nd3 57. Kg6 Kf3 58. Be7 Kxg4 59.
Kxg7 Nc3 60. Kf7 Nd5 61. Bd8 Kf5 62. Bxb6 Nxb6 63. Ne3+ Kf4 64. Nc2 Nc4 65. Ke6
e4 66. Nd4 e3 67. Kd5 Nb6+ 68. Kc6 Na4 69. Kd5 Nb4+ 70. Kc4 Ke4 71. Ne2 Na2 72.
Ng1 Nc1 73. Kb4 Kf4 74. Kxa4 Kg3 75. Ka3 Kg2 0-1

[Event "Copenhagen Chess Challenge 2016"]
[Site "Ballerup"]
[Date "2016.04.22"]
[Round "4"]
[White "Stigar, Petter"]
[Black "Rishovd, Svein"]
[Result "1/2-1/2"]
[WhiteElo "2229"]
[BlackElo "2103"]
[PlyCount "71"]
[EventDate "2016.04.20"]
[EventType "swiss"]
[EventRounds "9"]
[EventCountry "DEN"]

1. Nf3 g6 2. d4 Bg7 3. c4 d6 4. g3 Nd7 5. Nc3 e5 6. Bg2 exd4 7. Nxd4 Ne7 8. O-O
O-O 9. e4 a6 10. h3 Rb8 11. a4 Nc6 12. Be3 Nc5 13. Rb1 Bd7 14. b3 Nxd4 15. Bxd4
Bxd4 16. Qxd4 Ne6 17. Qd2 Bc6 18. b4 b5 19. cxb5 axb5 20. a5 Ba8 21. Rfd1 Qg5
22. Qxg5 Nxg5 23. h4 Ne6 24. Bf1 Rfd8 25. f3 c6 26. Kf2 Kf8 27. Rd2 Ke7 28.
Rbd1 Nc7 29. Ke3 Na6 30. Rb2 Bb7 31. Bd3 Bc8 32. Rc1 Bd7 33. Rcb1 Rdc8 34. Ne2
Rb7 35. Nc3 Ra7 36. f4 1/2-1/2

[Event "Copenhagen Chess Challenge 2016"]
[Site "Ballerup"]
[Date "2016.04.22"]
[Round "4"]
[White "Skovgaard, Ib"]
[Black "Andreasen, Joan Hendrik"]
[Result "0-1"]
[WhiteElo "2050"]
[BlackElo "2227"]
[PlyCount "124"]
[EventDate "2016.04.20"]
[EventType "swiss"]
[EventRounds "9"]
[EventCountry "DEN"]

1. e4 e6 2. d4 d5 3. Nd2 Be7 4. c3 c5 5. Ngf3 Nf6 6. Bb5+ Nc6 7. Ne5 Qb6 8.
exd5 Qxb5 9. c4 Qb6 10. dxc6 cxd4 11. cxb7 Bxb7 12. Qa4+ Kf8 13. O-O g6 14. Nb3
Kg7 15. c5 Bxc5 16. Bg5 Be7 17. Nxd4 h6 18. Be3 Qd6 19. Rfe1 Ne4 20. Nb5 Qb4
21. Qxb4 Bxb4 22. Red1 Bd5 23. Nc7 Bd6 24. Nxd5 Bxe5 25. Nb4 Bxb2 26. Bd4+ Bxd4
27. Rxd4 Nc3 28. Kf1 a5 29. Nc6 a4 30. Rc1 Nd5 31. a3 Rhc8 32. Rdc4 Ra6 33. Nb4
Rxc4 34. Rxc4 Ra5 35. Nc6 Rb5 36. g3 Nb6 37. Rf4 Rb3 38. Nd8 Rxa3 39. Rxf7+ Kg8
40. Ra7 Ra1+ 41. Kg2 a3 42. Nc6 Nd5 43. Ra8+ Kg7 44. Ra7+ Kf6 45. f4 Kf5 46.
Kf3 Rf1+ 47. Ke2 Rh1 48. Kf3 g5 49. Rf7+ Kg6 50. Ne5+ Kh5 51. Rh7 gxf4 52. g4+
Kg5 53. h4+ Rxh4 54. Ra7 Rh3+ 55. Ke4 Re3+ 56. Kd4 Kh4 57. Ng6+ Kxg4 58. Ne5+
Kh3 59. Rh7 Re4+ 60. Kxe4 Nf6+ 61. Kxf4 Nxh7 62. Ng4 a2 0-1

[Event "Copenhagen Chess Challenge 2016"]
[Site "Ballerup"]
[Date "2016.04.22"]
[Round "4"]
[White "Jacobsen, Mikkel Manosri"]
[Black "Kistrup, Nicolai"]
[Result "1-0"]
[WhiteElo "2210"]
[BlackElo "2033"]
[PlyCount "49"]
[EventDate "2016.04.20"]
[EventType "swiss"]
[EventRounds "9"]
[EventCountry "DEN"]

1. d4 Nf6 2. c4 e6 3. Nf3 b6 4. a3 Ba6 5. Nbd2 c5 6. dxc5 bxc5 7. g3 Nc6 8. Bg2
Be7 9. O-O O-O 10. e4 Rc8 11. Qa4 Qa5 12. Qxa5 Nxa5 13. e5 Ng4 14. h3 Nh6 15.
Rd1 d5 16. exd6 Bxd6 17. b4 cxb4 18. axb4 Bxb4 19. Ba3 Bc3 20. Bxf8 Kxf8 21.
Ra3 Bxd2 22. Nxd2 Nxc4 23. Rxa6 Rd8 24. Ra2 Nf5 25. Bf1 1-0

[Event "Copenhagen Chess Challenge 2016"]
[Site "Ballerup"]
[Date "2016.04.22"]
[Round "4"]
[White "Laustsen, Lars"]
[Black "Thuesen, Mogens Henrik"]
[Result "1-0"]
[WhiteElo "2128"]
[BlackElo "2209"]
[PlyCount "105"]
[EventDate "2016.04.20"]
[EventType "swiss"]
[EventRounds "9"]
[EventCountry "DEN"]

1. d4 f5 2. g3 Nf6 3. Bg2 g6 4. Nf3 Bg7 5. O-O O-O 6. b3 d6 7. Bb2 c6 8. Nbd2
Na6 9. c4 Qe8 10. Qc2 h6 11. a3 g5 12. e4 fxe4 13. Nxe4 Nxe4 14. Qxe4 Bf5 15.
Qe3 Qf7 16. Nd2 e5 17. dxe5 dxe5 18. Ne4 Qg6 19. Rad1 Rad8 20. Rfe1 b6 21. c5
Nc7 22. Rd6 Rxd6 23. Nxd6 Nd5 24. Nxf5 Qxf5 25. Qd2 Kh8 26. cxb6 axb6 27. Be4
Qf6 28. Bxd5 Qd6 29. Qe3 Qxd5 30. Bxe5 Bxe5 31. Qxe5+ Qxe5 32. Rxe5 Rf6 33. Re7
Rf3 34. Re3 Rf5 35. Re6 Rf3 36. Rxc6 Rxb3 37. Rxh6+ Kg7 38. Re6 Rxa3 39. Rxb6
Ra4 40. Kg2 Rc4 41. h3 Ra4 42. g4 Rc4 43. Kg3 Ra4 44. Rb5 Kg6 45. Rf5 Ra1 46.
h4 Rg1+ 47. Kh2 Rxg4 48. Rxg5+ Rxg5 49. hxg5 Kxg5 50. Kg3 Kf5 51. Kf3 Ke5 52.
Kg4 Kf6 53. Kf4 1-0

[Event "Copenhagen Chess Challenge 2016"]
[Site "Ballerup"]
[Date "2016.04.22"]
[Round "4"]
[White "Overmark, Ole"]
[Black "Eriksson, Christian Altenburg"]
[Result "0-1"]
[WhiteElo "1763"]
[BlackElo "2195"]
[PlyCount "56"]
[EventDate "2016.04.20"]
[EventType "swiss"]
[EventRounds "9"]
[EventCountry "DEN"]

1. Nf3 c5 2. c4 Nc6 3. Nc3 Nf6 4. g3 g6 5. Bg2 Bg7 6. O-O O-O 7. d3 d5 8. cxd5
Nxd5 9. Nxd5 Qxd5 10. Nd2 Qd7 11. Rb1 b6 12. a3 Bb7 13. b4 cxb4 14. axb4 Rac8
15. Ne4 Rfd8 16. Bb2 Nd4 17. e3 Nb5 18. d4 Rc4 19. Qd2 e5 20. Rbc1 Rxc1 21.
Rxc1 exd4 22. exd4 Nxd4 23. Rd1 Bxe4 24. Kh1 Bxg2+ 25. Kxg2 Qd5+ 26. Kh3 Qf5+
27. Kg2 Qf3+ 28. Kh3 Rd5 0-1

[Event "Copenhagen Chess Challenge 2016"]
[Site "Ballerup"]
[Date "2016.04.22"]
[Round "4"]
[White "Andersen, Kim Nyvang"]
[Black "Tsiolakidis, Anastasios"]
[Result "0-1"]
[WhiteElo "1996"]
[BlackElo "2288"]
[PlyCount "106"]
[EventDate "2016.04.20"]
[EventType "swiss"]
[EventRounds "9"]
[EventCountry "DEN"]

1. d4 Nf6 2. c4 c5 3. d5 b5 4. cxb5 a6 5. f3 e6 6. e4 exd5 7. e5 Qe7 8. Qe2 Ng8
9. Nc3 Bb7 10. Nh3 f6 11. Nf4 Qxe5 12. Nfxd5 Bd6 13. Bf4 Qxe2+ 14. Bxe2 Bxf4
15. Nxf4 Ne7 16. Bc4 Nf5 17. O-O-O axb5 18. Nxb5 Ra4 19. Rhe1+ Kd8 20. b3 Rxa2
21. Kb1 Ra6 22. Ne6+ Kc8 23. Nxc5 Rb6 24. Nxb7 Kxb7 25. g4 Nh4 26. Nd6+ Kc6 27.
Nf7 Rf8 28. Re3 Kc7 29. Red3 Ng6 30. Nd6 Ne5 31. Nb5+ Rxb5 32. Bxb5 Nxd3 33.
Bxd3 h6 34. Be4 Nc6 35. Bxc6 Kxc6 36. Kc2 f5 37. Kc3 d5 38. b4 fxg4 39. fxg4
Rf3+ 40. Rd3 Rf4 41. Rd4 Rf1 42. h3 Rc1+ 43. Kd3 Rh1 44. Ke3 g5 45. Rd2 Rxh3+
46. Kd4 Rg3 47. Rc2+ Kd6 48. b5 Rxg4+ 49. Kd3 h5 50. Rc6+ Ke5 51. b6 Rb4 52.
Rg6 Kf4 53. Rf6+ Kg4 0-1

[Event "Copenhagen Chess Challenge 2016"]
[Site "Ballerup"]
[Date "2016.04.22"]
[Round "4"]
[White "Moe, Mogens"]
[Black "Philipsen, William Horup"]
[Result "1-0"]
[WhiteElo "2160"]
[BlackElo "1970"]
[PlyCount "89"]
[EventDate "2016.04.20"]
[EventType "swiss"]
[EventRounds "9"]
[EventCountry "DEN"]

1. e4 e5 2. Nf3 Nc6 3. d4 exd4 4. Nxd4 Qf6 5. Nb3 Qg6 6. Qe2 b6 7. Bf4 Qf6 8.
Bc1 a5 9. a4 Bb4+ 10. c3 Ba6 11. Qc2 Bxf1 12. Rxf1 Bd6 13. f4 O-O-O 14. Be3 Re8
15. N1d2 Qh4+ 16. Rf2 Qxh2 17. O-O-O Nf6 18. e5 Ng4 19. Nc4 Nxf2 20. Qxf2 Be7
21. Bxb6 Bh4 22. Qd2 Re7 23. Bg1 Qg3 24. Ncxa5 Nxe5 25. Qe2 Qxf4+ 26. Kb1 Nc4
27. Qxc4 Qxc4 28. Nxc4 Re2 29. a5 Rhe8 30. Bd4 Rxg2 31. a6 d5 32. Ne3 Rg6 33.
Nc5 c6 34. Nf5 Be7 35. a7 Kc7 36. Nxe7 Re6 37. Nxe6+ fxe6 38. Rf1 Kd6 39. Rf7
e5 40. Nf5+ Ke6 41. Re7+ Rxe7 42. Nxe7 exd4 43. Nxc6 d3 44. a8=Q d2 45. Kc2 1-0

[Event "Copenhagen Chess Challenge 2016"]
[Site "Ballerup"]
[Date "2016.04.22"]
[Round "4"]
[White "Allam, Dariusz"]
[Black "Fredericia, Louise Winther"]
[Result "0-1"]
[WhiteElo "1922"]
[BlackElo "2127"]
[PlyCount "74"]
[EventDate "2016.04.20"]
[EventType "swiss"]
[EventRounds "9"]
[EventCountry "DEN"]

1. d4 e6 2. Bf4 f5 3. Nf3 Nf6 4. e3 b6 5. h3 Bb7 6. Nbd2 Be7 7. c3 Ne4 8. Ne5
O-O 9. Rg1 d6 10. Nef3 c5 11. Bc4 d5 12. Bd3 Nc6 13. Qe2 Rc8 14. g4 Bd6 15.
Bxd6 Qxd6 16. gxf5 exf5 17. Bb5 Nxd2 18. Kxd2 cxd4 19. exd4 Rfe8 20. Ne5 Nxd4
21. cxd4 Qb4+ 22. Kd1 Qxd4+ 23. Qd3 Qxb2 24. Rb1 Qxe5 25. Bxe8 Rxe8 26. Qd2 d4
27. Rb3 d3 28. Rxd3 Qa1+ 29. Qc1 Qxa2 30. Qd2 Qb1+ 31. Qc1 Qxd3+ 32. Qd2 Bf3+
33. Kc1 Rc8+ 34. Kb2 Qxd2+ 35. Ka3 Rc3+ 36. Ka4 Bc6+ 37. Kb4 Qd4# 0-1

[Event "Copenhagen Chess Challenge 2016"]
[Site "Ballerup"]
[Date "2016.04.22"]
[Round "4"]
[White "De Seroux, Camille"]
[Black "Sorensen, Per Settergren"]
[Result "1-0"]
[WhiteElo "2125"]
[BlackElo "1979"]
[PlyCount "207"]
[EventDate "2016.04.20"]
[EventType "swiss"]
[EventRounds "9"]
[EventCountry "DEN"]

1. e4 e5 2. Nf3 Nc6 3. Nc3 Nf6 4. Be2 Bb4 5. Nd5 Ba5 6. O-O d6 7. c3 O-O 8. d3
Nxd5 9. exd5 Ne7 10. b4 Bb6 11. Qb3 h6 12. a4 a5 13. b5 Bg4 14. Be3 Bxf3 15.
Bxf3 Bxe3 16. fxe3 b6 17. d4 Ng6 18. c4 exd4 19. exd4 Qh4 20. Qc3 Qg5 21. Qc1
Qh4 22. Qd2 Rad8 23. Rac1 Rfe8 24. g3 Qg5 25. Qxg5 hxg5 26. Rc3 Re7 27. c5 dxc5
28. dxc5 bxc5 29. Rxc5 Ne5 30. Bg2 Rd6 31. h3 g6 32. Rc3 Kg7 33. Rfc1 Rdd7 34.
Re3 f6 35. Rb3 Rd6 36. Rc5 Rb6 37. Rbc3 Rb7 38. Rc2 Ra7 39. Rd2 Rd7 40. Rd4 Kf8
41. Rc3 Rd6 42. Rd2 Ke7 43. Rdc2 Kd8 44. Kf2 Nd7 45. Rc6 Nb6 46. Rxd6+ cxd6 47.
Rc6 Nxa4 48. Rxd6+ Ke7 49. Re6+ Kf7 50. Rc6 Rb7 51. Bf1 Nb6 52. d6 Ke8 53. Bd3
f5 54. g4 a4 55. gxf5 gxf5 56. Bxf5 a3 57. Bb1 Na4 58. Ra6 Nc3 59. Bg6+ Kd7 60.
Bf5+ Ke8 61. d7+ Rxd7 62. Bxd7+ Kxd7 63. Rxa3 Nxb5 64. Ra5 Nd6 65. Kf3 Nf7 66.
Kg4 Ke6 67. Ra6+ Ke5 68. Kh5 Kf5 69. Rb6 Nh8 70. Rb5+ Kf6 71. Rxg5 Kf7 72. Ra5
Kg7 73. Ra6 Nf7 74. Kg4 Nh6+ 75. Kh5 Nf7 76. Rg6+ Kh7 77. h4 Kh8 78. Ra6 Kh7
79. Ra7 Kg7 80. Kg4 Kf6 81. Kf4 Kg6 82. h5+ Kf6 83. Ra6+ Kg7 84. Kf5 Nh6+ 85.
Ke6 Ng4 86. Kf5 Nh6+ 87. Ke6 Ng4 88. Ke7 Nh6 89. Rg6+ Kh7 90. Kf8 Nf5 91. Rg5
Nh6 92. Rg7+ Kh8 93. Rg5 Kh7 94. Rg7+ Kh8 95. Ra7 Ng8 96. Rf7 Nh6 97. Rg7 Nf5
98. Rg6 Kh7 99. Kf7 Nh6+ 100. Kf6 Ng8+ 101. Kg5 Ne7 102. Re6 Ng8 103. h6 Kh8
104. Kg6 1-0

[Event "Copenhagen Chess Challenge 2016"]
[Site "Ballerup"]
[Date "2016.04.22"]
[Round "4"]
[White "Slettebo, Jan"]
[Black "Stuhr, Peter Sebastian"]
[Result "1-0"]
[WhiteElo "2030"]
[BlackElo "1957"]
[PlyCount "85"]
[EventDate "2016.04.20"]
[EventType "swiss"]
[EventRounds "9"]
[EventCountry "DEN"]

1. e4 d6 2. d4 Nf6 3. Nc3 e5 4. dxe5 dxe5 5. Qxd8+ Kxd8 6. Bg5 Be6 7. g3 c6 8.
f4 Kc7 9. f5 Bd7 10. Nf3 Bb4 11. Bd3 Re8 12. O-O-O Bxc3 13. bxc3 Ng4 14. Rdf1
h6 15. h3 hxg5 16. hxg4 f6 17. Rh7 Re7 18. Nxg5 Na6 19. Nf3 Nc5 20. g5 Rae8 21.
g6 b5 22. g4 Kb6 23. Rfh1 Bc8 24. Rh8 Bd7 25. R1h7 Rxh8 26. Rxh8 Ne6 27. fxe6
Bxe6 28. g5 Bxa2 29. gxf6 gxf6 30. Rf8 a5 31. Rxf6 a4 32. Kb2 Bg8 33. Rf8 a3+
34. Kxa3 Rg7 35. Nxe5 Kc5 36. Rf6 b4+ 37. cxb4+ Kd4 38. Nf7 c5 39. bxc5 Kxc5
40. e5 Kd5 41. e6 Kc6 42. Kb4 Kc7 43. Bb5 1-0

[Event "Copenhagen Chess Challenge 2016"]
[Site "Ballerup"]
[Date "2016.04.22"]
[Round "4"]
[White "Hentley, Darryl"]
[Black "Karlsson, Ulf"]
[Result "0-1"]
[WhiteElo "1666"]
[BlackElo "2026"]
[PlyCount "76"]
[EventDate "2016.04.20"]
[EventType "swiss"]
[EventRounds "9"]
[EventCountry "DEN"]

1. e4 c5 2. Nf3 Nc6 3. g3 g6 4. Bg2 Bg7 5. c3 e5 6. d3 Nge7 7. Be3 d6 8. Nbd2
O-O 9. O-O Kh8 10. Qc2 f5 11. exf5 gxf5 12. Nb3 Qe8 13. Qc1 Qh5 14. Nh4 f4 15.
Bxc5 dxc5 16. Nxc5 Nf5 17. Bf3 Qf7 18. Nxf5 Qxf5 19. g4 Qg5 20. h3 Qh4 21. Kg2
Qe7 22. Ne4 Be6 23. Qc2 Rac8 24. Qe2 Nd8 25. Rh1 Nf7 26. Kf1 Rfd8 27. b3 Nd6
28. Nd2 Rxc3 29. Nc4 Nxc4 30. dxc4 Rdd3 31. Be4 Rxh3 32. Rxh3 Rxh3 33. Bg2 f3
34. Bxf3 Rxf3 35. Qxf3 e4 36. Qd1 Bxa1 37. Qxa1+ Qg7 38. Qxg7+ Kxg7 0-1

[Event "Copenhagen Chess Challenge 2016"]
[Site "Ballerup"]
[Date "2016.04.22"]
[Round "4"]
[White "Larsen, Preben R"]
[Black "Holmstrom, Johan Ravnborg"]
[Result "0-1"]
[WhiteElo "1821"]
[BlackElo "1932"]
[PlyCount "138"]
[EventDate "2016.04.20"]
[EventType "swiss"]
[EventRounds "9"]
[EventCountry "DEN"]

1. e4 e6 2. d4 d5 3. Nd2 dxe4 4. Nxe4 Nd7 5. Nf3 Ngf6 6. Ng3 c5 7. Be2 Qc7 8.
c3 b6 9. Bg5 Bd6 10. Bb5 O-O 11. O-O h6 12. Be3 a6 13. Bd3 Bb7 14. Nd2 Rfe8 15.
dxc5 Nxc5 16. Be2 Rad8 17. Qc2 Nd5 18. Bxc5 Bxc5 19. a3 Rd7 20. Bf3 Red8 21.
Nb3 Be7 22. Nd4 Bf6 23. Nb3 g6 24. Rad1 Bg7 25. Nc1 Nf4 26. Rxd7 Rxd7 27. Bxb7
Qxb7 28. f3 Nd5 29. Re1 Qc6 30. Qe4 Qc5+ 31. Kh1 Qc8 32. Nb3 Nf6 33. Qe2 b5 34.
Ne4 Nxe4 35. Qxe4 Kh7 36. Qc2 Rd5 37. Rd1 Qd7 38. Rxd5 Qxd5 39. Nc1 h5 40. Qd3
Qc6 41. Kg1 Bh6 42. Ne2 Bg7 43. Kf2 Bf8 44. Ke1 e5 45. Ng3 Kg7 46. Ke2 Be7 47.
Ne4 f5 48. Nd2 Bg5 49. h3 Kf7 50. c4 Ke6 51. cxb5 axb5 52. Qb3+ Qd5 53. Qd3 Bf6
54. Qxd5+ Kxd5 55. Kd3 e4+ 56. fxe4+ fxe4+ 57. Nxe4 Bxb2 58. Nc3+ Kc5 59. a4
Bxc3 60. axb5 Be1 61. b6 Kxb6 62. Ke4 Kc5 63. Ke5 Bh4 64. Ke6 Kd4 65. Kf7 g5
66. Kg6 Ke4 67. g3 Bxg3 68. Kxh5 Kf4 69. Kg6 Bh4 0-1

[Event "Copenhagen Chess Challenge 2016"]
[Site "Ballerup"]
[Date "2016.04.22"]
[Round "4"]
[White "Tandrup, Michael"]
[Black "Christophersen, David"]
[Result "1-0"]
[WhiteElo "1961"]
[BlackElo "1764"]
[PlyCount "127"]
[EventDate "2016.04.20"]
[EventType "swiss"]
[EventRounds "9"]
[EventCountry "DEN"]

1. c4 Nf6 2. g3 g6 3. Bg2 Bg7 4. Nc3 O-O 5. e4 d6 6. Nge2 c5 7. d3 Nc6 8. O-O
Bd7 9. a3 Qc8 10. Rb1 Bh3 11. b4 Bxg2 12. Kxg2 Nd7 13. b5 Nd4 14. Nd5 Qd8 15.
Bg5 f6 16. Be3 Nxe2 17. Qxe2 Nb6 18. Qg4 f5 19. Qh4 Nxd5 20. exd5 Bf6 21. Bg5
e5 22. Bxf6 Qxf6 23. Qxf6 Rxf6 24. f4 exf4 25. gxf4 a6 26. bxa6 Rxa6 27. Rxb7
Rxa3 28. Rf3 Rf7 29. Rb6 Rd7 30. h4 Kf7 31. Re3 Ra2+ 32. Kf3 Rh2 33. Kg3 Rd2
34. h5 Rd1 35. hxg6+ hxg6 36. Kf2 Rd2+ 37. Kf3 Rh2 38. Kg3 Rd2 39. Re6 Rxd3+
40. Kh4 Rd4 41. Kg5 Rxc4 42. Rf6+ Ke7 43. Rxg6 Rb4 44. Ra6 Kf7 45. Rf6+ Kg7 46.
Rg6+ Kf7 47. Rgxd6 Rxd6 48. Rxd6 c4 49. Kxf5 Rb1 50. Rd7+ Ke8 51. Rc7 Rc1 52.
Ke6 Kd8 53. Kd6 c3 54. Rc4 c2 55. f5 Ke8 56. Rc7 Kd8 57. f6 Ke8 58. f7+ Kf8 59.
Rc3 Kxf7 60. Kc6 Ke7 61. d6+ Kd8 62. Ra3 Ke8 63. d7+ Ke7 64. Re3+ 1-0

[Event "Copenhagen Chess Challenge 2016"]
[Site "Ballerup"]
[Date "2016.04.22"]
[Round "4"]
[White "Christensen, Allan Toftegaard"]
[Black "Kakulidis, Ellen"]
[Result "0-1"]
[WhiteElo "1711"]
[BlackElo "1892"]
[PlyCount "140"]
[EventDate "2016.04.20"]
[EventType "swiss"]
[EventRounds "9"]
[EventCountry "DEN"]

1. c4 Nf6 2. Nc3 e6 3. Nf3 d5 4. e3 Be7 5. cxd5 exd5 6. Qb3 O-O 7. d4 c6 8. Bd3
Nbd7 9. Qc2 h6 10. O-O Re8 11. Nh4 Nf8 12. Nf5 Bb4 13. a3 Ba5 14. b4 Bc7 15. b5
Bd7 16. bxc6 bxc6 17. Na4 Ne6 18. Bb2 Rb8 19. Nc5 Nxc5 20. dxc5 Bxf5 21. Bxf5
Ne4 22. Bd4 Qe7 23. Qa4 Nxc5 24. Qxc6 Nb3 25. Rad1 Nxd4 26. Rxd4 Qe5 27. Rh4
Rb6 28. Qc2 Reb8 29. g3 Bd6 30. Rh5 Qf6 31. Bh3 d4 32. Rf5 Qe7 33. exd4 Bxa3
34. Re5 Qd6 35. Qa4 Bb4 36. Rd1 a5 37. Bg2 Qc7 38. Re8+ Rxe8 39. Qxe8+ Bf8 40.
d5 Qc5 41. Qa8 Rf6 42. Rf1 Qb4 43. Rd1 Qc5 44. Rf1 Qb5 45. Be4 Qb4 46. f3 a4
47. Rb1 Qc5+ 48. Kg2 a3 49. Ra1 Qd4 50. Ra2 Rb6 51. Kh3 Qc4 52. Rxa3 Qf1+ 53.
Kg4 h5+ 54. Kh4 g5+ 55. Kxg5 Qc1+ 56. f4 Qxa3 57. Qxa3 Bxa3 58. Kxh5 Kg7 59. h4
Rb3 60. g4 Rb4 61. Bc2 Rxf4 62. Kg5 Bc1 63. Kh5 Ba3 64. Kg5 Bc1 65. Kh5 Rc4 66.
Bb3 Rb4 67. Bc2 Rb6 68. g5 Rb4 69. g6 f6 70. Bf5 Rd4 0-1

[Event "Copenhagen Chess Challenge 2016"]
[Site "Ballerup"]
[Date "2016.04.22"]
[Round "4"]
[White "Molvig, Julius"]
[Black "Marthedal, Anton Mehmet Yildiz"]
[Result "1-0"]
[WhiteElo "1971"]
[BlackElo "1941"]
[PlyCount "59"]
[EventDate "2016.04.20"]
[EventType "swiss"]
[EventRounds "9"]
[EventCountry "DEN"]

1. d4 d5 2. c4 dxc4 3. Nf3 Nf6 4. e3 Bg4 5. Bxc4 e6 6. h3 Bh5 7. Nbd2 Nc6 8.
Qc2 a6 9. O-O Bg6 10. Qd1 Bd6 11. a3 O-O 12. b4 e5 13. dxe5 Nxe5 14. Bb2 Nxf3+
15. Nxf3 Qe7 16. Qb3 Rad8 17. Rac1 b5 18. Be2 Be4 19. Nd4 Qe5 20. f4 Qe7 21.
Bf3 Rde8 22. g4 c5 23. bxc5 Bxc5 24. Bxe4 Nxe4 25. Nf5 Qa7 26. Bxg7 Nd2 27. Qc3
Bxe3+ 28. Kh2 Nxf1+ 29. Rxf1 Rc8 30. Nh6# 1-0

[Event "Copenhagen Chess Challenge 2016"]
[Site "Ballerup"]
[Date "2016.04.22"]
[Round "4"]
[White "Andersen, Daniel"]
[Black "Kallenbach, Uffe"]
[Result "1-0"]
[WhiteElo "1956"]
[BlackElo "1694"]
[PlyCount "95"]
[EventDate "2016.04.20"]
[EventType "swiss"]
[EventRounds "9"]
[EventCountry "DEN"]

1. c4 Nf6 2. Nc3 c5 3. e3 e6 4. Nf3 d5 5. d4 b6 6. dxc5 Bxc5 7. cxd5 exd5 8.
Nb5 O-O 9. g3 Bb7 10. Nbd4 Nbd7 11. Bg2 Qc7 12. O-O Ne4 13. b3 f5 14. Bh3 g6
15. Bb2 Ndf6 16. a4 Rac8 17. Nc2 Rfd8 18. Qd3 Bd6 19. Nfd4 Nc5 20. Qd1 Be5 21.
Ba3 Qf7 22. f3 Ne6 23. Qd3 Ng5 24. Bg2 Ne6 25. Bb2 Nc5 26. Qd2 Ba6 27. Rfb1 Nd3
28. Bf1 Nc5 29. Bxa6 Nxa6 30. b4 Ne8 31. b5 Nb8 32. Nb4 Rd7 33. Nbc6 Bg7 34.
Nxb8 Rxb8 35. Nc6 Bxb2 36. Qxb2 Rbb7 37. Ne5 Qe6 38. Nxd7 Qxe3+ 39. Qf2 Qxf2+
40. Kxf2 Rxd7 41. Rc1 Kf7 42. Rc8 Nc7 43. Rc1 Ne6 44. Rh8 Nc5 45. Rxh7+ Ke6 46.
Rxd7 Kxd7 47. Ke3 Nxa4 48. Kd4 1-0

[Event "Copenhagen Chess Challenge 2016"]
[Site "Ballerup"]
[Date "2016.04.22"]
[Round "5"]
[White "Getz, Nicolai"]
[Black "Hector, Jonny"]
[Result "1/2-1/2"]
[WhiteElo "2408"]
[BlackElo "2493"]
[PlyCount "202"]
[EventDate "2016.04.20"]
[EventType "swiss"]
[EventRounds "9"]
[EventCountry "DEN"]

1. Nf3 d5 2. g3 Bg4 3. Bg2 Nd7 4. d4 e6 5. c4 c6 6. Nbd2 Bd6 7. e4 Ne7 8. O-O
O-O 9. Qc2 Rc8 10. c5 Bc7 11. b4 dxe4 12. Nxe4 Nd5 13. a3 h6 14. Bb2 Bf5 15.
Qe2 a5 16. bxa5 Bxe4 17. Qxe4 Ra8 18. Bc1 Rxa5 19. a4 Qa8 20. Qc2 Qa7 21. Bd2
Ra6 22. Rfb1 Ra8 23. a5 Bxa5 24. Bf1 Bxd2 25. Bxa6 Bc3 26. Rxb7 Qxb7 27. Bxb7
Rxa1+ 28. Kg2 Nb8 29. Ne5 Bxd4 30. Nxc6 Nxc6 31. Bxc6 Nb4 32. Qe4 Bxc5 33. Qe5
Rc1 34. Be4 Bf8 35. h4 Nd5 36. Bxd5 Rc5 37. Qb8 Rxd5 38. Qe8 h5 39. Qa4 g6 40.
Qc2 Bc5 41. Qc4 Rf5 42. f3 Rd5 43. Qc1 Be7 44. Qc8+ Kg7 45. Qc3+ Bf6 46. Qc2
Rb5 47. Kh3 Rb2 48. Qd1 Rf2 49. Qd3 Ra2 50. Qc4 Rd2 51. Qc1 Rd3 52. Qf1 Rc3 53.
Qd1 e5 54. Qd5 Re3 55. Kg2 Re2+ 56. Kh3 Rc2 57. Qb3 Rd2 58. Qe3 Rd4 59. Qe2 Kg8
60. Qe3 Rd6 61. Qe4 Re6 62. Qd5 Bg7 63. Qd8+ Bf8 64. Qd5 Re7 65. g4 hxg4+ 66.
Kxg4 Re6 67. h5 gxh5+ 68. Kxh5 Bg7 69. Qd8+ Kh7 70. Qd3+ Rg6 71. Qd7 Rh6+ 72.
Kg4 Rf6 73. Qd3+ Kh6 74. Kg3 Rf4 75. Qd6+ Bf6 76. Qf8+ Kg6 77. Qg8+ Bg7 78. Qe8
Rd4 79. Qc6+ Bf6 80. Qc2+ Kg7 81. Qf5 Rf4 82. Qh5 Bh4+ 83. Kh3 Bf6 84. Kg3 Kf8
85. Qh7 Ke7 86. Qc2 Bh4+ 87. Kg2 Rd4 88. Qc7+ Kf6 89. Qc6+ Kg7 90. Qe8 Rd5 91.
Qc8 Bg5 92. Qf5 Bf4 93. Qg4+ Kf6 94. Qh4+ Ke6 95. Qg4+ Kd6 96. Qc8 Rd2+ 97. Kh3
Ke7 98. Kg4 Kf6 99. Qh8+ Ke6 100. Qe8+ Kf6 101. Qh8+ Ke6 1/2-1/2

[Event "Copenhagen Chess Challenge 2016"]
[Site "Ballerup"]
[Date "2016.04.22"]
[Round "5"]
[White "Andersen, Mads"]
[Black "Danielsen, Henrik"]
[Result "1/2-1/2"]
[WhiteElo "2504"]
[BlackElo "2480"]
[PlyCount "86"]
[EventDate "2016.04.20"]
[EventType "swiss"]
[EventRounds "9"]
[EventCountry "DEN"]

1. Nf3 g6 2. d4 Bg7 3. g3 c5 4. d5 d6 5. Bg2 Nf6 6. O-O O-O 7. c4 Na6 8. Nc3
Nc7 9. h3 Rb8 10. a4 e5 11. dxe6 Bxe6 12. Bf4 Bxc4 13. Qxd6 Rc8 14. Qxd8 Rfxd8
15. Ne5 Bd5 16. Nxd5 Nfxd5 17. Rfd1 g5 18. Bxg5 Bxe5 19. Bxd8 Rxd8 20. e4 Bxb2
21. Rab1 Bd4 22. exd5 b6 23. Rxd4 cxd4 24. Rd1 Ne8 25. Rxd4 Nd6 26. Bf1 Re8 27.
Bd3 h6 28. Kg2 Kg7 29. Kf3 Re5 30. Kf4 Kf6 31. g4 Re1 32. h4 Rd1 33. g5+ hxg5+
34. hxg5+ Ke7 35. Ke3 Rg1 36. f4 f6 37. gxf6+ Kxf6 38. Rb4 Ra1 39. Bc2 Ra3+ 40.
Kd2 Ra1 41. Rd4 Ra3 42. Rb4 Ra1 43. Rd4 Ra3 1/2-1/2